000 00707nam a2200229 a 4500
001 BRCA_7680
005 20190320205936.0
008 160813s195u----be-ab#####---#000-0#eng-#
041 _aeng
044 _abe
050 4 _aN1810
_b.B78 1950
245 1 0 _aBruges, city of art
_billustrated guide with map of the city and supplement.
250 _a5
260 _aBrujas, Bélgica
_bAssociation of Official Guides Bruges
_c[195-?]
300 _a109 p.
_bil., mapas
_c20 cm.
500 _aU17
650 1 4 _aArte
_zBrujas, Bélgica
_918958
650 1 4 _aGalerías y museos
_zBélgica
_918959
651 4 _aBélgica
_vGuías de viajeros
_xDescripción y viajes
_zBrujas
_918960
902 _aGFM
942 _2lcc
_cB
999 _c7354
_d7354